Organization behaviour
| Main Author: | |
|---|---|
| Format: | Book |
| Published: |
Petaling Jaya :
Golden Books Centre ,
2002
|
| Subjects: |
MARC
| LEADER | 00000cam a2200000 7i4500 | ||
|---|---|---|---|
| 001 | 0000003336 | ||
| 005 | 20050823.0 | ||
| 020 | 0 | 0 | |a 9837204893 |
| 090 | 0 | 0 | |a 302.35 |b JAC |
| 100 | 1 | 0 | |a Jackson, Brian |
| 245 | 1 | 0 | |a Organization behaviour |c Brian Jackson |
| 260 | 0 | 0 | |a Petaling Jaya : |b Golden Books Centre , |c 2002 |
| 300 | |a ii, 228p. ; |c 22cm. | ||
| 650 | 0 | 0 | |a Organizational behavior |
| 999 | |a 0000006315 |b Monograph |c Open Shelf |e Default branch | ||